| 000 | 00637nam a2200205 i 4500 | ||
|---|---|---|---|
| 001 | 103638 | ||
| 003 | ES-MaACL | ||
| 005 | 20230906183420.0 | ||
| 007 | t| | ||
| 008 | 060426s1961 pr ||||1| spa d | ||
| 080 | _a929 Albizu Campos, Pedro | ||
| 080 | _a323.17(729.5) | ||
| 100 | 1 |
_aAlbizu Campos, Laura de. _919398 |
|
| 245 | 1 | 0 |
_aAlbizu Campos y la independencia de Puerto Rico / _cLaura de Albizu Campos. |
| 260 |
_aSan Juan, Puerto Rico : _b[s.n.], _c1961. |
||
| 300 |
_a89 p. ; _c19 cm. |
||
| 600 | 1 | 4 |
_aAlbizu Campos, Pedro. _919399 |
| 650 | 1 | 4 |
_aNacionalismo- _zPuerto Rico. _915464 |
| 852 |
_aES-MaACL _jC-56865 _bR.137501 |
||
| 999 |
_c103638 _d103638 |
||